Statistics for Largest Cities in the Middle East

Click here to take the quiz!

General Stats

  • This quiz has been taken 86 times
    (68 since last reset)
  • The average score is 12 of 20

Answer Stats

PopulationsCities% Correct
4,948,000Baghdad
92%
7,722,000Tehran
90%
9,216,000Istanbul
89%
3,627,000Riyadh
85%
3,329,000Ankara
84%
1,803,000Damascus
80%
1,147,000Beirut
77%
1,362,000Meccah
75%
1,252,000Amman
74%
1,653,000Sanaa
69%
2,674,000Jiddah
67%
1,891,000Aleppo
61%
2,322,000Izmir
49%
1,139,000Mosul
39%
1,541,000Esfahan
36%
2,040,000Mashhad
28%
1,158,000Shiraz
26%
1,210,000Tabriz
21%
1,162,000Adana
15%
1,190,000Bursa
8%

Score Distribution

Percentile by Number Answered

Percent of People with Each Score

Your Score History

You have not taken this quiz since the last reset